000 00722nam a22001577a 4500
003 OSt
005 20150922162516.0
008 150922b xxu||||| |||| 00| 0 eng d
040 _cRUA
082 _aAGR TE 2010 B046 Or.1
100 _91139
_aTE KIM SOK HENG
245 _aArthropod pests and natural enemies on cashew tree in santuk district, kampong thom province ប្រភេទសត្វល្អិតចង្រៃ​ និងសត្វល្អិតមានប្រយោជន៍លើដំណាំស្វាយចន្ទី នៅស្រុកសន្ទុក​ខេត្តកំពង់ធំ
260 _aPhnom Penh
_bRUA
_c2010
300 _axiv, 77p.
_bill.
_c29cm.
942 _2ddc
_cAGR
999 _c1090
_d1090